| 000 | 00000nam##2200000za#4500 |
| 001 | 9.633185 |
| 003 | CaOODSP |
| 005 | 20210624215214 |
| 007 | cr ||||||||||| |
| 008 | 150407|2003||||xxc|||||o f|0| 0 fre|d |
| 040 | |aCaOODSP|bfre |
| 043 | |an-cn--- |
| 086 | 1 |aE84-15/2003F-PDF |
| 110 | 1 |aCanada.|bCentre international des droits de la personne et du développement démocratique. |
| 245 | 10|aSaisir l'occasion : |h[ressource électronique]|bles Afghanes et l’élaboration de la constitution : Rapport de la mission de Droits et Démocratie mai-juin 2003 / |cpar Ariane Brunet et Isabelle Solon Helal. |
| 260 | |aMontréal - Québec : |bCentre international des droits de la personne et du développement démocratique |c2003. |
| 300 | |a64p.|bréférences, tableau |
| 590 | |a06-10-Supp|b2006-12-15 |
| 691 | 07|aConstitution|2gcpds |
| 691 | 07|aDroits de la personne|2gcpds |
| 691 | 07|aÉgalité des sexes|2gcpds |
| 691 | 07|aFemme|2gcpds |
| 720 | 1 |aBrunet, Ariane |
| 720 | 1 |aSolon, Isabelle |
| 775 | 08|tSeizing an opportunity : |w(CaOODSP)9.688709 |
| 856 | 40|ahttp://publications.gc.ca|qPDF|s634 KB|uhttps://publications.gc.ca/collections/Collection/E84-15-2003F.pdf |